Renewable energy technologies: (Record no. 10647)

MARC details
000 -LEADER
fixed length control field 00712 a2200205 4500
010 ## - LIBRARY OF CONGRESS CONTROL NUMBER
LC control number ENG-89450
020 ## - INTERNATIONAL STANDARD BOOK NUMBER
International Standard Book Number 8120334342
Terms of availability 225.00
035 ## - SYSTEM CONTROL NUMBER
System control number EN-72983
037 ## - SOURCE OF ACQUISITION
Source of stock number/acquisition DBAD / PUB
082 14 - DEWEY DECIMAL CLASSIFICATION NUMBER
Classification number 621.042
090 ## - LOCALLY ASSIGNED LC-TYPE CALL NUMBER (OCLC); LOCAL CALL NUMBER (OCLC)
-- 10949
-- 10949
100 1# - MAIN ENTRY--PERSONAL NAME
Personal name Solanki, Chetan Singh
245 1# - TITLE STATEMENT
Title Renewable energy technologies:
Statement of responsibility, etc by Chetan Singh Solanki
Remainder of title a practical guide for beginners/
260 ## - PUBLICATION, DISTRIBUTION, ETC. (IMPRINT)
Place of publication, distribution, etc New Delhi
Name of publisher, distributor, etc Prentice-Hall of India
Date of publication, distribution, etc 2008
270 ## - ADDRESS
Address M-97, Connaught Circus,
City New Delhi
State or province Delhi
Postal code 110001
300 ## - PHYSICAL DESCRIPTION
Extent xiv, 153p.
Dimensions 21 cm. (Pbk)
500 ## - GENERAL NOTE
General note Includes index.
942 ## - ADDED ENTRY ELEMENTS (KOHA)
Institution code [OBSOLETE] dpl
Koha item type English Books
Call number prefix 621.042/ SOL
Holdings
Withdrawn status Lost status Source of classification or shelving scheme Damaged status Not for loan Collection code Home library Current library Source of acquisition Cost, normal purchase price Total Checkouts Full call number Barcode Date last seen Copy number Uniform Resource Identifier Cost, replacement price Price effective from Koha item type
    Dewey Decimal Classification   Not For Loan Non-fiction D.B.Act.Division D.B.Act.Division DBAD/PUB 225.00   621.042 EN-72983 15/09/2008 1 11724 225.00 15/09/2008 English Books

© Delhi Public Library
Hit Counter
free hit counter